[Event "Madras Shaastra rapid 4th"]
[Site "Madras"]
[Date "2020.02.22"]
[Round "3"]
[White "Tamizh, Selvan Ganesan"]
[Black "Vishnu, Prasanna V"]
[Result "0-1"]
[WhiteElo "1805"]
[BlackElo "2476"]
[PlyCount "77"]
[EventDate "2020.02.22"]
[EventType "swiss (rapid)"]
[EventRounds "10"]
[EventCountry "IND"]
[SourceTitle "CBM 195 Extra"]
[Source "ChessBase"]
[SourceDate "2020.05.31"]
[SourceVersion "1"]
[SourceVersionDate "2020.05.31"]
[SourceQuality "1"]

1. e4 c5 2. Nc3 d6 3. f4 e6 4. Nf3 a6 5. a4 Nc6 6. Be2 Nf6 7. 0-0 Be7 8. d3 b6 9. Qe1 Bb7 10. Qg3 g6 11. e5 Nh5 12. Qh3 Ng7 13. exd6 Qxd6 14. Ne4 Qc7 15. Bd2 Nf5 16. c3 0-0-0 17. g4 Nd6 18. Be3 h5 19. g5 Nf5 20. Nfd2 Kb8 21. Rfc1 e5 22. Rf1 Rd7 23. fxe5 Nxe3 24. Qxe3 Nxe5 25. Rac1 Ng4 26. Qf4 Qxf4 27. Rxf4 Ne5 28. Rcf1 Bd8 29. Nc4 Nxc4 30. dxc4 Bc7 31. Nf6 Rd2 32. R4f2 Rxb2 33. Bf3 Rxf2 34. Rxf2 Bc8 35. Bd5 Be5 36. Ne4 Bf5 37. Ng3 Bxg3 38. hxg3 Re8 39. Rxf5 0-1